The mainstream of civilization / (Record no. 7428)
[ view plain ]
| 000 -CABECERA | |
|---|---|
| campo de control de longitud fija | 00892cam a2200241 4500 |
| 001 - NÚMERO DE CONTROL | |
| campo de control | 000007648 |
| 005 - FECHA Y HORA DE LA ÚLTIMA TRANSACCIÓN | |
| campo de control | 20200929154239.0 |
| 008 - DATOS DE LONGITUD FIJA--INFORMACIÓN GENERAL | |
| campo de control de longitud fija | 690602s1969 nyuabch b 001 0 eng d |
| 040 ## - FUENTE DE LA CATALOGACIÓN | |
| Centro catalogador/agencia de origen | DO-SdBNP |
| Centro/agencia transcriptor | DLC |
| Centro/agencia modificador | DLC |
| -- | BNPHU |
| 082 ## - NÚMERO DE LA CLASIFICACIÓN DECIMAL DEWEY | |
| Número de clasificación | NNNN |
| Número de documento/Ítem | S913m |
| 049 ## - FONDOS LOCALES (OCLC) | |
| Fondos de biblioteca | BNGR |
| 245 04 - MENCIÓN DE TÍTULO | |
| Título | The mainstream of civilization / |
| Mención de responsabilidad, etc. | Joseph R. Strayer [and others]. |
| 260 ## - PUBLICACIÓN, DISTRIBUCIÓN, ETC. | |
| Lugar de publicación, distribución, etc. | New York ; |
| -- | Chicago ; |
| -- | San Francisco ; |
| -- | Atlanta : |
| Nombre del editor, distribuidor, etc. | Harcourt, Brace & World, |
| Fecha de publicación, distribución, etc. | 1969. |
| 300 ## - DESCRIPCIÓN FÍSICA | |
| Extensión | xxii, 870 p. : |
| Otras características físicas | illus. (part col.), facsims. (part col.), maps (part col.), ports. ; |
| Dimensiones | 25 cm. |
| 504 ## - NOTA DE BIBLIOGRAFÍA, ETC. | |
| Nota de bibliografía, etc. | Includes bibliographical references. |
| 500 ## - NOTA GENERAL | |
| Nota general | Includes Index |
| 650 #0 - PUNTO DE ACCESO ADICIONAL DE MATERIA--TÉRMINO DE MATERIA | |
| Término de materia o nombre geográfico como elemento de entrada | Civilization |
| Subdivisión general | History. |
| 9 (RLIN) | 21213 |
| 700 1# - PUNTO DE ACCESO ADICIONAL--NOMBRE DE PERSONA | |
| Nombre de persona | Strayer, Joseph Reese, |
| Fechas asociadas al nombre | 1904-1987. |
| 9 (RLIN) | 21214 |
| 700 1# - PUNTO DE ACCESO ADICIONAL--NOMBRE DE PERSONA | |
| Nombre de persona | Gatzke, Hans W., |
| 9 (RLIN) | 21215 |
| 700 1# - PUNTO DE ACCESO ADICIONAL--NOMBRE DE PERSONA | |
| Nombre de persona | Harbison, E. Harris, |
| 9 (RLIN) | 21216 |
| 700 1# - PUNTO DE ACCESO ADICIONAL--NOMBRE DE PERSONA | |
| Nombre de persona | Dunbaugh, Edwin L., |
| 9 (RLIN) | 21217 |
| 910 ## - DATOS DE OPCIÓN DEL USUARIO (OCLC) | |
| Datos de opción del usuario | Catalogación derivada |
| Estado de retiro | Estado de pérdida | Restricciones de uso | No para préstamo | Código de colección | Localización permanente | Ubicación/localización actual | Ubicación en estantería | Fecha de adquisición | Número de inventario | Total de préstamos | Signatura topográfica completa | Código de barras | Fecha visto por última vez | Número de copia | Precio válido a partir de | Tipo de ítem Koha |
|---|---|---|---|---|---|---|---|---|---|---|---|---|---|---|---|---|
| Préstamo restringido | Préstamo restrigido | Monografías: Libros y Folletos | General | General | En catalogación | 09.09.2009 | LF1 | NNNN S913m | 7648-10 | 25.06.2020 | e. 1 | 25.06.2020 | Préstamo interno |
